Landen van de wereld zonder de letter O - Statistieken

Algemene statistieken
  • Deze quiz is 147 keer genomen
  • De gemiddelde score is 101 van 123
Antwoordstatistieken
Antwoord % Correct
België
97%
Finland
97%
Frankrijk
97%
Irak
97%
Iran
97%
Italië
97%
Nederland
97%
Spanje
97%
Zuid-Afrika
97%
Zweden
97%
Albanië
94%
Argentinië
94%
Chili
94%
Griekenland
94%
Ierland
94%
Rusland
94%
Verenigde Staten
94%
Zwitserland
94%
Australië
91%
Canada
91%
China
91%
Estland
91%
Fiji
91%
India
91%
Japan
91%
Letland
91%
Tsjaad
91%
Turkije
91%
Afghanistan
89%
Algerije
89%
Belarus
89%
Egypte
89%
Filipijnen
89%
IJsland
89%
Libië
89%
Luxemburg
89%
Nieuw-Zeeland
89%
Niger
89%
Nigeria
89%
Pakistan
89%
Venezuela
89%
Armenië
86%
Brazilië
86%
Guatemala
86%
Jemen
86%
Kazachstan
86%
Mauritanië
86%
Servië
86%
Uruguay
86%
Vaticaanstad
86%
Azerbeidzjan
83%
Belize
83%
Denemarken
83%
Duitsland
83%
Haïti
83%
Kirgizië
83%
Maleisië
83%
Malta
83%
Nepal
83%
Turkmenistan
83%
Bulgarije
80%
Burundi
80%
Cyprus
80%
Eritrea
80%
Guyana
80%
Madagaskar
80%
Mali
80%
Namibië
80%
Peru
80%
Saint Lucia
80%
Syrië
80%
Tsjechië
80%
Vietnam
80%
Bahama's
77%
Bangladesh
77%
Gambia
77%
Israël
77%
Liechtenstein
77%
Nicaragua
77%
Palau
77%
Panama
77%
Paraguay
77%
Qatar
77%
Saint Kitts en Nevis
77%
Saint Vincent en de Grenadines
77%
Senegal
77%
Suriname
77%
Tadzjikistan
77%
Tanzania
77%
Verenigde Arabische Emiraten
77%
Zambia
77%
Zimbabwe
77%
Bahrein
74%
Bhutan
74%
Guinee
74%
Kaapverdië
74%
Kenia
74%
Malawi
74%
Nauru
74%
Seychellen
74%
Thailand
74%
Tunesië
74%
Tuvalu
74%
Benin
71%
Brunei
71%
Cuba
71%
Eswatini
71%
Ghana
71%
Guinee-Bissau
71%
Liberia
71%
Marshalleilanden
71%
Mauritius
71%
Rwanda
71%
Antigua en Barbuda
69%
Centraal-Afrikaanse Republiek
69%
Maldiven
69%
Vanuatu
69%
Myanmar
66%
Taiwan
66%
Grenada
63%
Jamaica
63%
Kiribati
63%
Sri Lanka
54%
Geen overeenkomende quizzen gevonden
Scoreverdeling
Procent van Mensen met Elke Score
Percentiel versus Aantal Correcte Antwoorden
Uw Scoregeschiedenis
U heeft deze quiz nog niet genomen